000 00344nas a2200157 a 4500
001 87343
003 165423
005 20201118112348.0
008 ||||||n9999 ||| || ||
245 0 _aTime - Vol.160 No.18
260 _aEstados Unidos :
562 _e1
773 _021966
_aTime
942 _cSISS
999 _c87343
_d87343